The Supreme Court of Ghana law Reports (2005-2006): cases determined by the Supreme Court of the Republic of Ghana / (Record no. 4875)
[ view plain ]
| 000 -LEADER | |
|---|---|
| fixed length control field | 00785nam a22002297a 4500 |
| 003 - CONTROL NUMBER IDENTIFIER | |
| control field | OSt |
| 005 - DATE AND TIME OF LATEST TRANSACTION | |
| control field | 20230831101706.0 |
| 008 - FIXED-LENGTH DATA ELEMENTS--GENERAL INFORMATION | |
| fixed length control field | 140916b xxu||||| |||| 00| 0 eng d |
| 022 ## - INTERNATIONAL STANDARD SERIAL NUMBER | |
| International Standard Serial Number | 0855305 |
| 040 ## - CATALOGING SOURCE | |
| Transcribing agency | WIUC |
| 050 ## - LIBRARY OF CONGRESS CALL NUMBER | |
| Classification number | KRX18.Su7 (2006) |
| 245 ## - TITLE STATEMENT | |
| Title | The Supreme Court of Ghana law Reports (2005-2006): cases determined by the Supreme Court of the Republic of Ghana / |
| Statement of responsibility, etc. | edited by S.Y. Bimpong-Buta ... [et al.] |
| 260 ## - PUBLICATION, DISTRIBUTION, ETC. | |
| Place of publication, distribution, etc. | Accra: |
| Name of publisher, distributor, etc. | Advanced legal Publications, |
| Date of publication, distribution, etc. | 2006. |
| 300 ## - PHYSICAL DESCRIPTION | |
| Extent | xlix,1185 p. : |
| Dimensions | 24cm. |
| 440 ## - SERIES STATEMENT/ADDED ENTRY--TITLE | |
| Name of part/section of a work | The Supreme Ourt of Ghana Law Reports. |
| 9 (RLIN) | 2165 |
| 500 ## - GENERAL NOTE | |
| General note | Includes index. |
| 700 ## - ADDED ENTRY--PERSONAL NAME | |
| Personal name | Bimpong-Buta, S. Y. |
| 9 (RLIN) | 1005 |
| 700 ## - ADDED ENTRY--PERSONAL NAME | |
| Personal name | Adaare, Albert, |
| 700 ## - ADDED ENTRY--PERSONAL NAME | |
| Personal name | Bruce-Thompson, Herebert A. |
| 9 (RLIN) | 2335 |
| 800 ## - SERIES ADDED ENTRY--PERSONAL NAME | |
| Personal name | Bimpong-Buta, S.Y. |
| 9 (RLIN) | 1005 |
| 942 ## - ADDED ENTRY ELEMENTS (KOHA) | |
| Source of classification or shelving scheme | Library of Congress Classification |
| Koha item type | Books |
| Withdrawn status | Lost status | Source of classification or shelving scheme | Damaged status | Not for loan | Home library | Current library | Shelving location | Date acquired | Full call number | Barcode | Date last seen | Copy number | Price effective from | Koha item type |
|---|---|---|---|---|---|---|---|---|---|---|---|---|---|---|
| Library of Congress Classification | WISCONSIN INTERNATIONAL UNIVERSITY COLLEGE, GHANA - MAIN LIBRARY | WISCONSIN INTERNATIONAL UNIVERSITY COLLEGE, GHANA - MAIN LIBRARY | Law Library | 16/09/2014 | KRX18.Su7(2005-2006) | 2355/1353/14 | 16/09/2014 | 1 | 16/09/2014 | Books | ||||
| Library of Congress Classification | WISCONSIN INTERNATIONAL UNIVERSITY COLLEGE, GHANA - MAIN LIBRARY | WISCONSIN INTERNATIONAL UNIVERSITY COLLEGE, GHANA - MAIN LIBRARY | Law Library | 31/08/2023 | KRX18.Su71(2005-2006) | 3231/340/23 | 31/08/2023 | 2 | 31/08/2023 | Books | ||||
| Library of Congress Classification | WISCONSIN INTERNATIONAL UNIVERSITY COLLEGE, GHANA - MAIN LIBRARY | WISCONSIN INTERNATIONAL UNIVERSITY COLLEGE, GHANA - MAIN LIBRARY | Law Library | 31/08/2023 | KRX18.Su72(2005-2006) | 3260/369/23 | 31/08/2023 | 3 | 31/08/2023 | Books |
